00571cam a2200157 i 4500020003800000040000900038082002600047245006000073300006300133650001700196650002200213700002200235942001000257999001700267952012900284 a9780896295889 (pbk. : alk. paper) cDNAL00a363 INT 2016 C159 Or.00aNourishing millions :bstories of change in nutrition / axiii, 220 pages :bcolor illustrations, color map ;c26 cm 0aMalnutrition 0aNutrition policy.1 aGillespie, Stuart cAEDBB c19045d19045 0010406363_000000000000000_INT_2016_C159_OR70983794aLBCbLBCd2020-03-03eA39420o363 INT 2016 C159 Or.r2020-03-03yEK